000 00650cam a2200205 4500500
005 20260405004112.0
041 _afre
042 _adc
100 1 0 _aLacroix, Alexandre
_eauthor
245 0 0 _aLes voitures sauront-elles bien se conduire ?
260 _c2023.
500 _a40
690 _aMoral
690 _aRisque
690 _aTechnologie
690 _aVoiture
690 _aVoiture autonome
786 0 _nPhilosophie magazine - Hors séries | Hors série - Pritemps 2023 | HS57 | 2023-04-01 | p. 17-20 | 2104-9246
856 4 1 _uhttps://shs.cairn.info/magazine-philosophie-magazine-2023-3-page-17?lang=fr&redirect-ssocas=7080
999 _c2073700
_d2073700